| 000 | 00441nam a2200157Ia 4500 | ||
|---|---|---|---|
| 008 | 151213s9999 xx 000 0 und d | ||
| 100 | _aH, Sutharland , Donald R. Cressey | ||
| 245 |
_aPrinciples of Crimonology _cH, Sutharland , Donald R. Cressey |
||
| 250 | _a6th | ||
| 260 |
_aNew York _bJ.B. Lippincut Co. _c1960 |
||
| 300 | _a3741 p. | ||
| 650 | _aLaw | ||
| 650 | _aLaw | ||
| 700 | _aH, Sutharland , Donald R. Cressey | ||
| 999 |
_c2473 _d2473 |
||